LIBRARY & INFORMATION CENTRE, KCAET, TAVANUR

ONLINE PUBLIC ACCESS CATALOGUE (OPAC)

Alkali wastelands environment and reclamation / (Record no. 564)

MARC details
000 -LEADER
fixed length control field 00469cam a2200181ua 4500
020 ## - INTERNATIONAL STANDARD BOOK NUMBER
ISBN 81-7233-106-5
041 ## - LANGUAGE CODE
Language code of text/sound track or separate title eng
082 ## - DEWEY DECIMAL CLASSIFICATION NUMBER
Classification number 574.526 5
Item number GUP/AL
100 ## - MAIN ENTRY--AUTHOR NAME
Personal name Gupta, I C .
245 ## - TITLE STATEMENT
Title Alkali wastelands environment and reclamation /
260 ## - PUBLICATION, DISTRIBUTION, ETC. (IMPRINT)
Place of publication India :
Name of publisher Scientific Publishers ,
Year of publication 1995.
300 ## - PHYSICAL DESCRIPTION
Number of Pages 273 ; .
700 1# - ADDED ENTRY--PERSONAL NAME
Personal name Gupta, S K .
700 1# - ADDED ENTRY--PERSONAL NAME
Personal name Sharma, D P .
942 ## - ADDED ENTRY ELEMENTS (KOHA)
Koha item type Books
Holdings
Withdrawn status Lost status Damaged status Home library Current library Date acquired Full call number Accession Number Koha item type
      KAUAET KAUAET 07/04/2012 574.526 5 GUP/AL 20525 Books
free website counter